| 000 | 01350nam a2200337Ia 4500 | ||
|---|---|---|---|
| 001 | ebr10643457 | ||
| 003 | CaPaEBR | ||
| 006 | m u | ||
| 007 | cr cn||||||||| | ||
| 008 | 120518s2012 pau sb 001 0 eng d | ||
| 010 | _z 2012018465 | ||
| 020 | _z0877853487 (alk. paper) | ||
| 020 | _z9780877853480 (alk. paper) | ||
| 020 | _z9780877856306 (ebook) | ||
| 040 |
_aCaPaEBR _cCaPaEBR |
||
| 035 | _a(OCoLC)844164757 | ||
| 050 | 1 | 4 |
_aBF639 _b.H4195 2012eb |
| 082 | 0 | 4 |
_a299/.93 _223 |
| 100 | 1 | _aHaller, John S. | |
| 245 | 1 | 4 |
_aThe history of New Thought _h[electronic resource] : _bfrom mind cure to positive thinking and the prosperity gospel / _cJohn S. Haller, Jr. ; foreword by Robert C. Fuller. |
| 260 |
_aWest Chester, PA : _bSwedenborg Foundation Press, _cc2012. |
||
| 300 | _axiv, 389 p. | ||
| 490 | 0 |
_aSwedenborg studies ; _vno. 21 |
|
| 504 | _aIncludes bibliographical references and index. | ||
| 533 |
_aElectronic reproduction. _bPalo Alto, Calif. : _cebrary, _d2013. _nAvailable via World Wide Web. _nAccess may be limited to ebrary affiliated libraries. |
||
| 650 | 0 | _aMind and body. | |
| 650 | 0 | _aNew Thought. | |
| 655 | 7 |
_aElectronic books. _2local |
|
| 710 | 2 | _aebrary, Inc. | |
| 856 | 4 | 0 |
_uhttp://site.ebrary.com/lib/rucke/Doc?id=10643457 _zAn electronic book accessible through the World Wide Web; click to view |
| 999 |
_c29018 _d29018 |
||